000 00961nas a2200301 4500
001 BR0900938
003 BR-BrBNA
005 20231205113145.0
007 ta
008 230509b bl.|||p| |||| 00| 00por d
040 _aBR-BrBNA
_bpor
_cBiblioteca Nacional de Agricultura
041 _a(Pt)
072 _aF62; F07
100 1 _aMedeiros, F.A.S.B.
100 1 _aMedeiros, J.F. de
100 1 _aSilva, M.C. de C.
100 1 _aAlves, L.P.
100 1 _aSouza, T.H. de
100 1 _aLevien, S.L.A.
245 1 _aNecessidade híbrida do meloeiro irrigado com água de diferentes salinidades e cultivado com ou sem cobertura do solo.
650 _aMELÃO
650 _aCULTIVO
650 _aIRRIGAÇÃO
650 _aSOLO
773 0 _tAgriambi - Revista Brasileira de Engenharia Agrícola e Ambiental (Brazil)
_xISSN 1415-4366
_g(Apr-Jun 2005), v. 9(2) p. 234-238
_wBR0900938
909 _a202311
_bLúcia
_c55
_dLúcia Elande
942 _2AGRIS
_n0
_cANA
999 _c202171
_d202171